Najbardziej utytułowane kluby Ligi Hiszpańskiej. - Statystyki

Ogólne statystyki
  • Ten quiz został rozwiązany 1 223 razy
  • Średni wynik to 9 z 9
Statystyki odpowiedzi
Hint Odpowiedź % Poprawnych
Deportivo La Coruna 1
100%
Sevilla 1
100%
Real Betis 1
100%
Real Sociedad 2
100%
Atletico Madryt 10
99%
Valencia 6
99%
Athletic Bilbao 8
99%
FC Barcelona 26
95%
Real Madryt 33
95%
Nie znaleziono quizów pasujących do podanych kryteriów
Rozkład punktacji
Procent ludzi z każdym wynikiem
Percentyl według liczby udzielonych odpowiedzi
Twoja historia wyników
Nie rozwiązałeś tego quizu